Organic Chemistry (Record no. 6317)

MARC details
000 -LEADER
fixed length control field 00547nam a22002057a 4500
003 - CONTROL NUMBER IDENTIFIER
control field OSt
005 - DATE AND TIME OF LATEST TRANSACTION
control field 20190917113901.0
008 - FIXED-LENGTH DATA ELEMENTS--GENERAL INFORMATION
fixed length control field 190917b ||||| |||| 00| 0 eng d
020 ## - INTERNATIONAL STANDARD BOOK NUMBER
International Standard Book Number 9780199270293
040 ## - CATALOGING SOURCE
Transcribing agency DDC
082 ## - DEWEY DECIMAL CLASSIFICATION NUMBER
Classification number 547 CLA 2012
100 ## - MAIN ENTRY--PERSONAL NAME
Personal name Clayden, Jonathan; Greeves, Nick; Warren, Stuart
9 (RLIN) 12938
245 ## - TITLE STATEMENT
Title Organic Chemistry
250 ## - EDITION STATEMENT
Edition statement 2nd ed.
260 ## - PUBLICATION, DISTRIBUTION, ETC. (IMPRINT)
Place of publication, distribution, etc. Oxford University Press,
Date of publication, distribution, etc. 2012
300 ## - PHYSICAL DESCRIPTION
Extent xxv,1234p;
Other physical details col.ill:
Dimensions 28cm
504 ## - BIBLIOGRAPHY, ETC. NOTE
Bibliography, etc Index included
650 ## - SUBJECT ADDED ENTRY--TOPICAL TERM
Topical term or geographic name as entry element Organic chemistry
9 (RLIN) 814
942 ## - ADDED ENTRY ELEMENTS (KOHA)
Source of classification or shelving scheme Other/Generic Classification Scheme
Koha item type Open Shelf
Holdings
Withdrawn status Lost status Source of classification or shelving scheme Damaged status Not for loan Home library Current library Date acquired Source of acquisition Inventory number Total Checkouts Full call number Barcode Date last seen Koha item type
    Dewey Decimal Classification     MUST Main Library MUST Main Library 17/09/2019 Purchase 19/41068   547 CLA 2012 2019-0435 17/09/2019 Open Shelf
    Dewey Decimal Classification     MUST Main Library MUST Main Library 17/09/2019 Purchase 19/41069   547 CLA 2012 2019-0436 17/09/2019 Open Shelf